<?xml version="1.0" encoding="UTF-8"?><?xml-stylesheet type="text/xsl" href="static/style.xsl"?><OAI-PMH xmlns="http://www.openarchives.org/OAI/2.0/" xmlns:xsi="http://www.w3.org/2001/XMLSchema-instance" xsi:schemaLocation="http://www.openarchives.org/OAI/2.0/ http://www.openarchives.org/OAI/2.0/OAI-PMH.xsd"><responseDate>2026-04-13T01:13:44Z</responseDate><request verb="GetRecord" identifier="oai:www.recercat.cat:10459.1/72184" metadataPrefix="marc">https://recercat.cat/oai/request</request><GetRecord><record><header><identifier>oai:recercat.cat:10459.1/72184</identifier><datestamp>2024-12-05T21:57:53Z</datestamp><setSpec>com_2072_3622</setSpec><setSpec>col_2072_479130</setSpec></header><metadata><record xmlns="http://www.loc.gov/MARC21/slim" xmlns:dcterms="http://purl.org/dc/terms/" xmlns:xsi="http://www.w3.org/2001/XMLSchema-instance" xmlns:doc="http://www.lyncode.com/xoai" xsi:schemaLocation="http://www.loc.gov/MARC21/slim http://www.loc.gov/standards/marcxml/schema/MARC21slim.xsd">
   <leader>00925njm 22002777a 4500</leader>
   <datafield ind2=" " ind1=" " tag="042">
      <subfield code="a">dc</subfield>
   </datafield>
   <datafield ind2=" " ind1=" " tag="720">
      <subfield code="a">Company, Ximo</subfield>
      <subfield code="e">author</subfield>
   </datafield>
   <datafield ind2=" " ind1=" " tag="720">
      <subfield code="a">Borrás Espinosa, Marc</subfield>
      <subfield code="e">author</subfield>
   </datafield>
   <datafield ind2=" " ind1=" " tag="720">
      <subfield code="a">Negre Cano, Marina</subfield>
      <subfield code="e">author</subfield>
   </datafield>
   <datafield ind2=" " ind1=" " tag="260">
      <subfield code="c">2021-10-29T12:51:27Z</subfield>
   </datafield>
   <datafield ind2=" " ind1=" " tag="260">
      <subfield code="c">2021-10-29T12:51:27Z</subfield>
   </datafield>
   <datafield ind2=" " ind1=" " tag="260">
      <subfield code="c">2021</subfield>
   </datafield>
   <datafield ind2=" " ind1=" " tag="520">
      <subfield code="a">El CAEM hace constar que todas sus publicaciones tienen como finalidad la promoción de la investigación científica universitaria y, consecuentemente, la mejora de su calidad docente. Todos sus contenidos, citas e imágenes reproducidas se acogen al artículo 32.1 de la Ley de Propiedad Intelectual, según el cual es lícita la inclusión en una obra propia de fragmentos de otras ajenas de naturaleza escrita, sonora o audiovisual, así como la de obras aisladas de carácter plástico o fotográfico figurativo, siempre que se trate de obras ya divulgadas y su inclusión se realice a título de cita o para su análisis, comentario o juicio crítico. Tal utilización sólo podrá realizarse con fines docentes o de investigación, en la medida justificada por el fin de esa incorporación e indicando la fuente y el nombre del autor de la obra utilizada. El CAEM es un centro universitario; su actividad científica y editorial no es lucrativa. Todos los beneficios económicos del CAEM se destinan íntegramente a la investigación, a la puesta a punto de su gabinete analítico y a la formación especializada de nuevos investigadores universitarios en el terreno del estudio científico del patrimonio artístico.</subfield>
   </datafield>
   <datafield ind2=" " ind1=" " tag="520">
      <subfield code="a">En este trabajo, se muestra la labor analítica gracias a la cual se pudo atribuir una obra anónima al corpus artístico del pintor estadounidense Rembrandt Peale (Bucks County, 1778 – Filadelfia, 1860), tras varios meses de meditado estudio por parte de los investigadores del CAEM, quienes contamos con la colaboración de Ellen G. Miles (conservadora emérita de la Smithsonian National Portrait Gallery, EUA), Jacob Simon (investigador de la National Portrait Gallery, Londres), Carol E. Soltis (conservadora asociada de proyectos del Philadelphia Museum of Art), Patricia H. Svoboda coordinadora de investigación, de la Smithsonian National Portrait Gallery) y Linda A. Thrift (conservadora emérita del Catálogo de Retratos Americanos, de la Smithsonian National Portrait Gallery).&#xd;
&#xd;
Este retratista neoclásico estadounidense inició su formación con su padre, el también famoso retratista de personalidades Charles Willson Peale (Chester, 1741 – Filadelfia, 1828), la cual después complementa con diversos viajes tanto en el ámbito nacional como en el internacional. Destacando sus estancias en París, Londres y Nueva York, donde su estilo se ve influenciado tanto por el neoclasicismo francés de Jacques-Louis David (París, 1748 – Bruselas, 1825) como por el dinamismo retratístico de Benjamin West (Springfield, Estados Unidos de América, 1738 – Londres, 1820). Sus ricos y cosmopolitas conocimientos basados en diversas escuelas lo llevan a cultivar un estilo propio, más natural y dinámico, dentro del género del retrato. Su técnica depurada es capaz de captar de manera harmoniosa la personalidad y la atmosfera de los personajes, como hace en Retrato masculino a la moda neoclásica, sirviéndose de recursos como la aplicación de minuciosos toques de blanco en los cabellos y los ojos que aportan luz y naturalidad al representado. Actualmente, parte de su producción artística se encuentra en colecciones públicas notorias como la National Portrait Gallery de Washington D.C. o el Baltimore Museum of Art.</subfield>
   </datafield>
   <datafield ind1="8" ind2=" " tag="024">
      <subfield code="a">http://hdl.handle.net/10459.1/72184</subfield>
   </datafield>
   <datafield tag="653" ind2=" " ind1=" ">
      <subfield code="a">Rembrandt Peale (Bucks County, 1778 – Filadelfia, 1860)</subfield>
   </datafield>
   <datafield tag="653" ind2=" " ind1=" ">
      <subfield code="a">Neoclassicisme (Art) -- Estats Units d'Amèrica</subfield>
   </datafield>
   <datafield tag="653" ind2=" " ind1=" ">
      <subfield code="a">Peale, Rembrandt, 1778-1860</subfield>
   </datafield>
   <datafield tag="653" ind2=" " ind1=" ">
      <subfield code="a">Art -- Investigació -- Catalunya</subfield>
   </datafield>
   <datafield tag="653" ind2=" " ind1=" ">
      <subfield code="a">Pintura -- S. XVIII-XIX</subfield>
   </datafield>
   <datafield ind2="0" ind1="0" tag="245">
      <subfield code="a">Rembrandt Peale Retrato masculino a la moda neoclásica</subfield>
   </datafield>
</record></metadata></record></GetRecord></OAI-PMH>